000 00548nam a22001697a 4500
005 20251108165448.0
008 250721s1974 xx 000 0 ara d
082 1 4 _aم/956.2/عبد
100 1 _aنوار، عبد العزيز سليمان
_eجامع
245 1 0 _aوثائق أساسية من تاريخ لبنان الحديث 1517-1920 /
264 1 _aبيروت :
_bجامعة بيروت العربية،
_c1974.
300 _a596ص
650 1 7 _aلبنان
650 1 7 _aالتاريخ الحديث
942 _2ddc
_cREF
999 _c28512
_d28512